000 00606nam a2200181Ia 4500
008 100920s9999 xx 000 0 und d
082 _b2711
_a375 थ 50
100 _aकेळकर गो.रा.
245 _aरबर (भाग दुसरा).
260 _bअनाथ विद्यार्थी गृह प्रकाशन, पुणें.
_c1950
300 _a18
_bसाधी
365 _b0.36
520 _aशालो.
630 _aरबर (भाग दुसरा).
650 _aशालो.
730 _aरबर (भाग दुसरा).
942 _cBOOK
999 _c671104
_d671101